| 000 | 00722nam a2200229 a 4500 | ||
|---|---|---|---|
| 001 | 70506 | ||
| 003 | BD-RjUL | ||
| 005 | 20211209082017.0 | ||
| 008 | 170417s1984 enka b 001 0 eng | ||
| 020 | _a0412004011 (Chapman and Hall) | ||
| 035 | _a(BD-RjUL)70720 | ||
| 040 |
_aDLC _cDLC _dDLC _dBD-RjUL _beng |
||
| 041 | _aeng | ||
| 082 | 0 | 0 |
_223 _a552.06 _bORR 1984 |
| 100 | 1 |
_aO'Reilly, W. _9208710 |
|
| 245 | 1 | 0 |
_aRock and mineral magnetism / _cW. O'Reilly. |
| 260 |
_aGlasgow : _bBlackie ; _aNew York : _bDistributed in the USA by Chapman and Hall, _c1984. |
||
| 300 |
_axi, 220 p. : _bill. ; _c24 cm. |
||
| 504 | _aIncludes bibliographies and index. | ||
| 650 | 0 |
_aRocks _xMagnetic properties. _9208711 |
|
| 942 |
_2ddc _cBK |
||
| 999 |
_c70506 _d70506 |
||